000 00445nam a2200181Ia 4500
001 14137
005 20260306164852.0
008 260306t2012||||xx |||||||||||||| ||spa||
041 _aESP
082 _a508
_bP67
100 _aPlinius Secundus, Gaius
_eAUT
245 0 _aHistoria naturalis, Facsimil:
_bvolumen 1
260 _c2012
300 _axxxv, 496 páginas :
_c25 cm.
650 _aGEN
654 _aCCN
942 _cLIB
_dJUS
_fJUS
_2ddc
_n
999 _c14137
_d14137